banner koha

Correlacoes dos teores de fosforo nos solos com respostas de microparcelas de milho, na zona cacaueira da Bahia [Brasil] (Registro n. 305312)

MARC details
000 -LÍDER
campo de controle de tamanho fixo 01264naa a22003617a 4500
001 - NÚMERO DE CONTROLE
campo de controle BR7314483
003 - IDENTIFICADOR DO NÚMERO DE CONTROLE
campo de controle BR-BrBNA
005 - DATA E HORÁRIO DA ÚLTIMA TRANSAÇÃO
campo de controle 20240918173540.0
007 - CAMPO FIXO DE DESCRIÇÃO FÍSICA--INFORMAÇÃO GERAL
campo de controle de tamanho fixo ta
008 - CAMPO DE DADOS FIXOS--INFORMAÇÃO GERAL
campo de controle de tamanho fixo 230509b bl.||||| |||| 00| 0 por d
040 ## - FONTE DA CATALOGAÇÃO
Instituição da catalogação original BR-BrBNA
Idioma da catalogação por
Instituição que transcreveu o registro Biblioteca Nacional de Agricultura
041 ## - CÓDIGO DE IDIOMA
Código do idioma do texto/trilha sonora ou título diferente (Pt)
072 ## - CÓDIGO DE CATEGORIA DE ASSUNTO
Código de Categoria de Assunto F25
Código do objeto 2110
-- 3830
-- G514
090 ## - NÚMERO DE CHAMADA LOCAL
Número de chamada F25 BR7314483
100 1# - ENTRADA PRINCIPAL--NOME PESSOAL
Nome pessoal Fonseca, R.
100 1# - ENTRADA PRINCIPAL--NOME PESSOAL
Nome pessoal Dias, A.C.
100 1# - ENTRADA PRINCIPAL--NOME PESSOAL
Nome pessoal Pires, E.
100 1# - ENTRADA PRINCIPAL--NOME PESSOAL
Nome pessoal Miranda, E.
100 1# - ENTRADA PRINCIPAL--NOME PESSOAL
Nome pessoal Cabala, P.
100 1# - ENTRADA PRINCIPAL--NOME PESSOAL
Nome pessoal Santana, C.
111 1# - ENTRADA PRINCIPAL--NOME DO EVENTO
Nome do evento ou lugar 2. Conferencia Internacional de Pesquisas em Cacau
Local do evento Salvador, BA (Brazil)
Data do evento ou assinatura do tratado 19 Nov 1967
245 1# - TÍTULO
Título Correlacoes dos teores de fosforo nos solos com respostas de microparcelas de milho, na zona cacaueira da Bahia [Brasil]
260 3# - PUBLICAÇÃO, DISTRIBUIÇÃO, ETC.
Local de publicação, distribuição, etc. Ilheus, BA (Brasil):
Data da publicação, distribuição, etc. 1969.
500 ## - NOTA GERAL
Nota geral Memorias da 2. Conferencia Internacional de Pesquisas em Cacau<br/>Ilheus, BA (Brasil): 1969. p. 487-497<br/>(BR7314483-AM)F25<br/>
650 ## - ASSUNTO--TERMO TÓPICO
Cabeçalho tópico ou nome geográfico FERTILIDADE DO SOLO
650 ## - ASSUNTO--TERMO TÓPICO
Cabeçalho tópico ou nome geográfico CACAU
650 ## - ASSUNTO--TERMO TÓPICO
Cabeçalho tópico ou nome geográfico BAHIA
650 ## - ASSUNTO--TERMO TÓPICO
Cabeçalho tópico ou nome geográfico FOSFORO
650 ## - ASSUNTO--TERMO TÓPICO
Cabeçalho tópico ou nome geográfico MILHO
773 0# - ENTRADA ANALÍTICA
Título Memorias da 2. Conferencia Internacional de Pesquisas em Cacau
Número de controle do registro F25 BR7314483
Partes relacionadas Ilheus, BA (Brasil), 1969. p. 487-497
909 ## -
-- 202404
-- Lucia
-- 55
-- Lucia Elande
942 ## - ELEMENTOS DE ENTRADA ADICIONADOS (KOHA)
Tipo de material Koha Capítulo-Livro
Fonte da classificação ou esquema de arquivamento na estante Classificação AGRIS
Exemplares
Situação do descarte Fonte da classificação ou esquema de arquivamento na estante Situação física Não pode ser emprestado Coleção Biblioteca de origem Biblioteca atual Localização na estante Total de empréstimos Número de telefone completo Data de último acesso Número do exemplar Tipo de material Koha Situação das perdas Data de aquisição Fonte de aquisição
  Classificação AGRIS       Biblioteca Nacional de Agricultura - Binagri Biblioteca Nacional de Agricultura - Binagri Agrobase - Acervo Geral   2110 BR7303352 20/05/2024 01 Capítulo-Livro   2024-04-11 Portaria Interministerial nº 164/94

BINAGRI

Telefone: (61)3218-2567/2388/3357/2097 - binagri@agro.gov.br

Ministério da Agricultura e Pecuária , Esplanada dos Ministérios, Bloco D, Anexo B, Brasília/DF, CEP: 70.043-900